Geography of Oregon - Statistics

General Stats
  • This quiz has been taken 275 times
  • The average score is 12 of 18
Answer Stats
Question Answer % Correct
What is the state capital of Oregon? Salem
94%
What volcanic range is the above part of? Cascades
83%
What is the deepest lake in the U.S., found inside a former volcano? Crater Lake
83%
What river is Portland situated on? Columbia River
82%
What city is home to the University of Oregon? Eugene
82%
What river valley was the destination of Oregon Trail pioneers? Willamette
73%
What is the nickname for the cluster of high-tech companies in Portland? (hint: named after a "valley" in California) {Silicon} Forest
72%
What major tributary of the above makes half of Oregon's border with Idaho? Snake River
72%
What is the state nickname of Oregon? The {Beaver} State
69%
What is the most populous city in central Oregon? Bend
68%
What major Washingtonian city is located right north of Portland? Vancouver
64%
What is the name of the tallest mountain in Oregon? Mount Hood
62%
In what cloudy city were the movies "Kindergarten Cop" and "Goonies" set? Astoria
57%
What is the deepest canyon in the United States, carved by the above? {Hell}s Canyon
51%
What is the most populous city in Southern Oregon? Medford
48%
What is the most populous city on the Oregon Coast? {Coos} Bay
46%
What is the name of the proposed state that would include most of Southern Oregonand much of Northern California? Jefferson
37%
What type of wood, madefor structural purposes, is Oregon nation's top producer of? Timber
23%
No matching quizzes found
Score Distribution
Percent of People with Each Score
Percentile by Number Answered
Your Score History
You have not taken this quiz